000
00326 a2200157 4500
001
59816
020
_a
3789133094
040
_c
Anchieta - Pituba
100
_a
Doyle, Brian
240
1
0
_a
Boy o'boy
_l
por
245
1
0
_a
Boy o'boy
300
_a
174
362
0
_a
2005
650
4
_a
Literatura juvenil em alemão
942
_c
BK
999
_c
59816
_d
59816